[Event "Biel schev"]
[Site "Biel"]
[Date "1987.??.??"]
[Round "?"]
[White "Polgar, Judit"]
[Black "Huss, Andreas"]
[Result "0-1"]
[WhiteElo "2355"]
[BlackElo "2375"]
[PlyCount "104"]
[EventDate "1987.??.??"]
[EventType "schev"]
[EventRounds "6"]
[EventCountry "SUI"]
[Source "ChessBase"]
[SourceDate "1996.11.15"]

1. e4 e6 2. d4 d5 3. Nc3 Bb4 4. Nge2 Ne7 5. a3 Bxc3+ 6. Nxc3 O-O 7. Bg5 f6 8.
Be3 Nbc6 9. Bb5 a6 10. Bxc6 Nxc6 11. Qf3 dxe4 12. Qxe4 f5 13. Qf4 Ne7 14. Qf3
f4 15. Bxf4 Ng6 16. g3 Nxf4 17. gxf4 Qxd4 18. Rd1 Qxf4 19. Qxf4 Rxf4 20. O-O b6
21. Rd8+ Rf8 22. Rfd1 Bb7 23. R8d7 Rac8 24. Re7 Rfe8 25. Rdd7 Rxe7 26. Rxe7 Kf8
27. Rxe6 Kf7 28. Re2 Rd8 29. f3 Rd4 30. Ne4 Bxe4 31. fxe4 Ke6 32. Kf2 Ke5 33.
Kf3 g6 34. c3 Rd1 35. Kg4 Rg1+ 36. Kf3 Rf1+ 37. Kg3 Rf7 38. Re3 h5 39. h4 Rf4
40. Rd3 Rg4+ 41. Kf3 Rxh4 42. Rd7 Rf4+ 43. Kg3 h4+ 44. Kh3 g5 45. Rxc7 Rf3+ 46.
Kg2 g4 47. Rg7 h3+ 48. Kh2 Rf2+ 49. Kh1 Kf4 50. Rd7 g3 51. Rd1 g2+ 52. Kg1 Kf3
0-1

[Event "Varna"]
[Site "Varna"]
[Date "1988.??.??"]
[Round "?"]
[White "Polgar, Judit"]
[Black "Orev, Petar"]
[Result "1-0"]
[WhiteElo "2365"]
[BlackElo "2395"]
[PlyCount "107"]
[EventDate "1988.??.??"]
[EventType "game"]
[EventCountry "BUL"]
[Source "ChessBase"]
[SourceDate "2009.11.30"]

1. e4 Nf6 2. e5 Nd5 3. d4 d6 4. Nf3 Nc6 5. c4 Nb6 6. e6 fxe6 7. Ng5 g6 8. d5
exd5 9. cxd5 Ne5 10. f4 Nf7 11. Bb5+ Bd7 12. Ne6 Qc8 13. Bxd7+ Qxd7 14. Nc3 c6
15. O-O Nxd5 16. Nxd5 cxd5 17. f5 gxf5 18. Qxd5 Nd8 19. Nxd8 Rxd8 20. Bg5 Bg7
21. Rxf5 e6 22. Re1 Be5 23. Rfxe5 dxe5 24. Qxe5 Rf8 25. Bxd8 Kxd8 26. Qxe6 Qxe6
27. Rxe6 Rf7 28. Re2 a5 29. g3 Kd7 30. Kg2 Kd6 31. g4 b5 32. h4 Kd5 33. Kg3 a4
34. g5 b4 35. h5 b3 36. axb3 axb3 37. Re3 Kc4 38. Rc3+ Kb4 39. Rf3 Rd7 40. Rf4+
Kc5 41. Rf2 Rd1 42. g6 hxg6 43. hxg6 Rd6 44. Rf5+ Kd4 45. Rf4+ Kd3 46. g7 Rg6+
47. Rg4 Rxg7 48. Rxg7 Kc2 49. Kf3 Kxb2 50. Ke2 Kc2 51. Rc7+ Kb1 52. Kd2 b2 53.
Rb7 Ka1 54. Kc2 1-0

[Event "EU-Cup"]
[Site "Budapest"]
[Date "1989.??.??"]
[Round "?"]
[White "Petursson, Margeir"]
[Black "Polgar, Judit"]
[Result "1/2-1/2"]
[WhiteElo "2530"]
[BlackElo "2555"]
[PlyCount "125"]
[EventDate "1989.??.??"]
[EventType "team"]
[EventRounds "2"]
[EventCountry "HUN"]
[Source "ChessBase"]
[SourceDate "2003.11.25"]
[WhiteTeam "Reykjavik"]
[BlackTeam "Budapest MTK"]
[WhiteTeamCountry "ISL"]
[BlackTeamCountry "HUN"]

1. Nf3 c5 2. c4 Nc6 3. Nc3 e5 4. g3 g6 5. Bg2 Bg7 6. O-O Nge7 7. a3 a5 8. Ne1
d6 9. Nc2 Be6 10. Ne3 O-O 11. d3 Rb8 12. Ned5 h6 13. Rb1 f5 14. b4 axb4 15.
axb4 cxb4 16. Nxe7+ Qxe7 17. Nd5 Qf7 18. Nxb4 Nxb4 19. Rxb4 d5 20. cxd5 Bxd5
21. Bxd5 Qxd5 22. Qb3 Qxb3 23. Rxb3 b5 24. Ba3 Rfc8 25. Rfb1 Rc2 26. Kf1 Ra8
27. Bb2 Rb8 28. Ke1 Kf7 29. Ba3 Ra2 30. Bc1 e4 31. dxe4 fxe4 32. Bf4 Rb7 33.
Rxb5 Rxb5 34. Rxb5 Ra1+ 35. Kd2 Bd4 36. e3 Ra2+ 37. Ke1 Ra1+ 38. Kd2 Ra2+ 39.
Kd1 Bg7 40. Rb7+ Kg8 41. Rb8+ Kf7 42. Rb7+ Kg8 43. g4 Ra1+ 44. Kd2 Ra2+ 45. Kd1
Ra1+ 46. Kd2 Ra2+ 47. Kc1 Ra1+ 48. Rb1 Rxb1+ 49. Kxb1 h5 50. gxh5 gxh5 51. Kc2
Kf7 52. Kb3 Ke6 53. Kc4 Bf6 54. Bc7 Bg7 55. Ba5 Bf6 56. Be1 Be5 57. h3 Bf6 58.
Bb4 Bh4 59. Kd4 Kf5 60. Be1 Bf6+ 61. Kd5 Bh4 62. Kd6 Kf6 63. Kd5 1/2-1/2

[Event "EU-Cup"]
[Site "Budapest"]
[Date "1989.??.??"]
[Round "?"]
[White "Polgar, Judit"]
[Black "Petursson, Margeir"]
[Result "0-1"]
[WhiteElo "2555"]
[BlackElo "2530"]
[PlyCount "86"]
[EventDate "1989.??.??"]
[EventType "team"]
[EventRounds "2"]
[EventCountry "HUN"]
[Source "ChessBase"]
[SourceDate "2003.11.25"]
[WhiteTeam "Budapest MTK"]
[BlackTeam "Reykjavik"]
[WhiteTeamCountry "HUN"]
[BlackTeamCountry "ISL"]

1. e4 c5 2. Nf3 Nc6 3. Bb5 d6 4. d4 cxd4 5. Qxd4 Bd7 6. Bxc6 Bxc6 7. Nc3 Nf6 8.
Bg5 e6 9. O-O-O Be7 10. Rhe1 O-O 11. Qd2 Qc7 12. Nd4 Rfd8 13. f3 Rab8 14. g4 b5
15. Kb1 b4 16. Nce2 Be8 17. h4 a5 18. Bxf6 Bxf6 19. g5 Be7 20. h5 d5 21. g6
dxe4 22. Qe3 Bf6 23. Qxe4 Rd6 24. Rd3 Rc8 25. Rc1 fxg6 26. Nxe6 Qe7 27. Rxd6
Qxd6 28. N6f4 g5 29. Nd5 Bxh5 30. Nxf6+ Qxf6 31. Qd5+ Bf7 32. Qxa5 Qxf3 33. Nd4
Qd5 34. Qxd5 Bxd5 35. Rg1 h6 36. a3 bxa3 37. b3 Rf8 38. c4 Rf4 39. Nb5 Bf3 40.
Nxa3 g4 41. c5 h5 42. Rc1 g3 43. c6 Bxc6 0-1

[Event "HUN-chT"]
[Site "Hungary"]
[Date "1989.??.??"]
[Round "5"]
[White "Polgar, Judit"]
[Black "Filep, Tibor"]
[Result "1-0"]
[WhiteElo "2555"]
[BlackElo "2320"]
[PlyCount "88"]
[EventDate "1989.??.??"]
[EventType "team"]
[EventRounds "13"]
[EventCountry "HUN"]
[Source "ChessBase"]
[SourceDate "2008.11.26"]

1. e4 e5 2. f4 exf4 3. Bc4 Be7 4. d4 Nf6 5. Qf3 Nc6 6. e5 Nxd4 7. Qd3 Ne6 8.
exf6 Bxf6 9. Ne2 O-O 10. O-O c6 11. Nbc3 d5 12. Bb3 g5 13. g3 Nc5 14. Qf3 Bh3
15. Rd1 fxg3 16. hxg3 Be6 17. Be3 Nd7 18. Rf1 Bg7 19. Qh5 h6 20. Bd4 Qc7 21.
Rf3 Ne5 22. Re3 f6 23. Rf1 Bf7 24. Qh3 Rae8 25. Bc5 g4 26. Qg2 Nf3+ 27. Rexf3
gxf3 28. Qxf3 Qe5 29. Bxf8 Rxf8 30. Qf4 Bh5 31. Nd4 Kh8 32. Nf5 Qxf4 33. Rxf4
Bg6 34. Ne2 Re8 35. Ned4 Bf8 36. Kf1 Kh7 37. c3 c5 38. Nf3 Re4 39. Rxe4 dxe4
40. N3h4 Bxf5 41. Nxf5 Kg6 42. Be6 b5 43. Ke2 Kg5 44. Ke3 h5 1-0

[Event "HUN-chT 8889"]
[Site "Hungary"]
[Date "1989.??.??"]
[Round "?"]
[White "Vigh, Bela"]
[Black "Polgar, Judit"]
[Result "1/2-1/2"]
[WhiteElo "2335"]
[BlackElo "2555"]
[PlyCount "86"]
[EventDate "1989.??.??"]
[EventType "team"]
[EventRounds "13"]
[EventCountry "HUN"]
[Source "ChessBase"]
[SourceDate "2009.11.30"]

1. d4 Nf6 2. c4 c5 3. d5 b5 4. cxb5 a6 5. f3 e6 6. e4 Bb7 7. Nc3 exd5 8. e5 Nh5
9. Nxd5 Qh4+ 10. g3 Nxg3 11. hxg3 Qxg3+ 12. Ke2 Qxe5+ 13. Ne3 axb5 14. Kf2 c4
15. Qc2 Bc5 16. Rxh7 Rxh7 17. Qxh7 Ra6 18. Qh8+ Ke7 19. Qh4+ g5 20. Qg3 Re6 21.
Qxe5 Rxe5 22. Ne2 Na6 23. Bd2 d5 24. Re1 Nc7 25. Bh3 Ne6 26. Bxe6 fxe6 27. Ng3
b4 28. Kg2 c3 29. bxc3 bxc3 30. Nef5+ Kd7 31. Bxc3 Rxe1 32. Bxe1 exf5 33. Nxf5
Ke6 34. Nh6 d4 35. Bd2 Be7 36. Kf2 Kd5 37. Nf7 Kc4 38. Ne5+ Kd5 39. Nf7 g4 40.
fxg4 Ke4 41. g5 Kf5 42. Nh6+ Kg6 43. Ng4 Bxg5 1/2-1/2

[Event "WDR Match TV g/60"]
[Site "Cologne"]
[Date "1989.??.??"]
[Round "?"]
[White "Lobron, Eric"]
[Black "Polgar, Judit"]
[Result "1/2-1/2"]
[WhiteElo "2555"]
[BlackElo "2555"]
[PlyCount "107"]
[EventDate "1989.??.??"]
[EventType "game"]
[EventRounds "1"]
[EventCountry "GER"]
[Source "ChessBase"]
[SourceDate "2005.11.24"]

1. Nf3 c5 2. c4 Nc6 3. Nc3 e5 4. g3 g6 5. d3 Bg7 6. Bg5 Nge7 7. Bg2 O-O 8. O-O
h6 9. Bxe7 Nxe7 10. Nd2 d6 11. Rb1 Rb8 12. a3 Be6 13. Qa4 a6 14. Rfc1 Bd7 15.
Qd1 b5 16. b4 cxb4 17. axb4 Be6 18. Nd5 Bxd5 19. Bxd5 bxc4 20. dxc4 Nxd5 21.
cxd5 Rb5 22. Qb3 Qd7 23. Qa2 Qb7 24. Rc6 Rxb4 25. Rxb4 Qxb4 26. Rxa6 Rc8 27.
Rc6 Rb8 28. e3 h5 29. Rc1 Qg4 30. Qc4 Bf8 31. Kg2 Rb2 32. Ne4 Kg7 33. h3 Qd7
34. Rc2 Rb1 35. Ra2 Qb7 36. Nc3 Rc1 37. Qb5 Qxb5 38. Nxb5 Rc5 39. Na7 Rxd5 40.
Kf3 f5 41. Ke2 Rc5 42. Rb2 d5 43. Rb6 Rc2+ 44. Kf1 Bc5 45. Re6 Bxa7 46. Re7+
Kf6 47. Rxa7 d4 48. Ra6+ Kg5 49. h4+ Kg4 50. exd4 Kf3 51. Ra3+ Ke4 52. dxe5
Kxe5 53. Re3+ Kf6 54. Rf3 1/2-1/2

[Event "Salamanca"]
[Site "Salamanca"]
[Date "1989.??.??"]
[Round "?"]
[White "Giorgadze, Tamaz"]
[Black "Polgar, Judit"]
[Result "1/2-1/2"]
[WhiteElo "2510"]
[BlackElo "2555"]
[Annotator "ChessBase"]
[PlyCount "94"]
[EventDate "1989.04.??"]
[EventType "tourn"]
[EventRounds "11"]
[EventCountry "ESP"]
[EventCategory "9"]
[Source "ChessBase"]
[SourceDate "1989.12.01"]

1. d4 Nf6 2. c4 c5 3. d5 b5 4. cxb5 a6 5. e3 Bb7 6. Nc3 Qa5 7. Bd2 axb5 8. Bxb5
Qb6 9. Nf3 Nxd5 10. Nxd5 Bxd5 11. a4 e6 12. Bc3 Bc6 13. Be2 $2 (13. Bxc6 Nxc6
14. e4 $1 Be7 15. O-O O-O 16. Qxd7 Rfd8 17. a5 $1) 13... d5 14. Ne5 Bd6 15. O-O
O-O 16. Nc4 Qc7 17. Nxd6 Qxd6 18. Qc2 e5 19. Rfc1 Rc8 20. Be1 Nd7 21. b4 cxb4
22. Bb5 Bb7 23. Qb3 Nc5 24. Qxb4 d4 25. exd4 Qd5 26. Bf1 exd4 27. Rd1 d3 28.
Bd2 Ra6 29. Bf4 Rg6 30. Bg3 h5 31. h3 Re6 32. f3 Rf6 33. Rd2 Rg6 34. Bf2 Na6
35. Qf4 Rc3 36. Rad1 Nc5 37. Kh1 Ba6 38. Bxc5 Qxc5 39. Bxd3 Bxd3 40. Rxd3 Rxd3
41. Rxd3 Qf2 42. Rd2 Qe1+ 43. Kh2 h4 44. Rd8+ Kh7 45. Rd4 Rxg2+ 46. Kxg2 Qe2+
47. Kg1 Qe1+ {(Gerald Hertneck)} 1/2-1/2

[Event "Salamanca"]
[Site "Salamanca"]
[Date "1989.??.??"]
[Round "?"]
[White "Polgar, Judit"]
[Black "De la Villa Garcia, Jesus Maria"]
[Result "1/2-1/2"]
[WhiteElo "2555"]
[BlackElo "2430"]
[PlyCount "68"]
[EventDate "1989.04.??"]
[EventType "tourn"]
[EventRounds "11"]
[EventCountry "ESP"]
[EventCategory "9"]
[Source "ChessBase"]
[SourceDate "1989.12.01"]

1. e4 e6 2. d4 d5 3. Nc3 Bb4 4. Nge2 Nf6 5. Bg5 dxe4 6. a3 Be7 7. Bxf6 Bxf6 8.
Nxe4 O-O 9. f4 Nd7 10. g3 c5 11. Qd2 cxd4 12. O-O-O e5 13. fxe5 Bxe5 14. Nxd4
Nf6 15. Nc3 Qb6 16. Na4 Qc7 17. Nf3 Bg4 18. Be2 Bxf3 19. Bxf3 Rac8 20. Nc3 Rfd8
21. Qe3 Re8 22. Qd3 Red8 23. Qe3 Re8 24. Qd3 Bxc3 25. Qxc3 Qxc3 26. bxc3 Rxc3
27. Bxb7 Rxa3 28. Rd4 h5 29. Rhd1 Ra1+ 30. Kd2 Rxd1+ 31. Kxd1 Re7 32. Bf3 g5
33. c4 g4 34. Bc6 Kg7 1/2-1/2

[Event "OHRA-B"]
[Site "Amsterdam"]
[Date "1989.??.??"]
[Round "?"]
[White "Polgar, Judit"]
[Black "Hulak, Krunoslav"]
[Result "1-0"]
[WhiteElo "2555"]
[BlackElo "2550"]
[Annotator "ChessBase"]
[PlyCount "79"]
[EventDate "1989.07.??"]
[EventType "swiss"]
[EventRounds "9"]
[EventCountry "NED"]
[Source "ChessBase"]
[SourceDate "1990.04.01"]

1. e4 c5 2. Nf3 e6 3. d4 cxd4 4. Nxd4 Nc6 5. Nc3 Qc7 6. Be2 a6 7. O-O Nf6 8.
Be3 Be7 9. f4 d6 10. Qe1 Bd7 11. Qg3 O-O 12. Rae1 b5 13. a3 Nxd4 14. Bxd4 Bc6
15. Bd3 Rab8 16. e5 Ne8 (16... dxe5 17. Bxe5 Qb6+ 18. Kh1 Rbd8 19. f5) 17. f5
$1 {/\ 18.fxe6 fxe6 19.Qh3} exf5 18. Rxf5 (18. Bxf5 g6 (18... dxe5 19. Rxe5 (
19. Bxe5 Bd6) 19... Bd6 20. Qh3 g6) 19. e6) (18. e6 fxe6 19. Rxe6 Bf6) 18...
dxe5 19. Qh3 $1 (19. Rfxe5 Bf6 20. Qh3 g6) (19. Rexe5 Bd6 (19... Bf6 20. Qh3 (
20. Rxf6 Nxf6 21. Qh4 Qd6 (21... h6 22. Rf5) 22. Rg5 h6 23. Rg3 Kh8) 20... g6)
20. Rh5 Bxe5 (20... Nf6 $4 21. Qxg7+ Kxg7 22. Reg5+ Kh8 23. Bxf6#) (20... g6
21. Rxh7 Bxe5 22. Bxe5 Qb6+ 23. Kh1 $18) 21. Bxh7+ Kh8 22. Bg6+ Kg8 23. Rh8+) (
19. Bxe5 Bd6 20. Rh5 (20. Qh3 Bxe5) 20... g6 21. Rxh7 Bxe5) 19... h6 (19... g6
20. Bxe5 Qb6+ 21. Kh1 Rd8 22. Qxh7+ Kxh7 23. Rh5+ Kg8 24. Rh8#) (19... Bd7 20.
Nd5 Qd8 21. Nxe7+ Qxe7 22. Qxh7+ Kxh7 23. Rfxe5+) (19... exd4 20. Rxe7 Qxe7 21.
Re5 $1) 20. Bxe5 Qa7+ $2 (20... Bd6 21. Qg3 Rd8 $14) (20... Qb6+ 21. Kh1 Bd6
22. Rg5 Bxe5 23. Qxh6 $2 Bxg2+ $1) 21. Kh1 Bd6 22. Rg5 $1 Qf2 (22... Bxe5 23.
Qxh6 g6 24. Rh5) 23. Rf1 Qxf1+ (23... Qd2 24. Qf5) 24. Bxf1 hxg5 25. Bd3 f5 26.
Bxf5 Bxe5 27. Qh7+ (27. Be6+ Rf7 $13) (27. Bh7+ Kf7 28. Qf5+ Bf6 29. Nd5 g6 $1)
27... Kf7 28. Qg6+ Ke7 (28... Kg8 29. Be6+) 29. Qe6+ Kd8 30. Qxe5 Rb7 $138 31.
Kg1 $1 Rbf7 32. g4 g6 33. Qb8+ Ke7 34. Nd5+ $1 Bxd5 35. Qe5+ Kd8 36. Qxd5+ Kc7
(36... Ke7 37. Qd7+ Kf6 38. Qe6+ Kg7 39. Qxg6+ Kh8 40. Qh6+ Kg8 41. Be6) 37.
Qc5+ Kb8 38. Qb6+ Rb7 39. Qd8+ Ka7 40. Bxg6 1-0

[Event "Corfu schev"]
[Site "Corfu"]
[Date "1990.??.??"]
[Round "2"]
[White "Polgar, Judit"]
[Black "Grivas, Efstratios"]
[Result "1/2-1/2"]
[WhiteElo "2550"]
[BlackElo "2445"]
[PlyCount "70"]
[EventDate "1990.??.??"]
[EventType "schev"]
[EventRounds "6"]
[EventCountry "GRE"]
[Source "ChessBase"]
[SourceDate "1998.11.10"]

1. e4 c5 2. Nf3 d6 3. d4 cxd4 4. Qxd4 a6 5. Be3 Nc6 6. Qb6 Qxb6 7. Bxb6 Nf6 8.
Nc3 Nd7 9. Be3 e6 10. a4 Be7 11. Nd2 d5 12. exd5 Nb4 13. O-O-O exd5 14. Nb3 Nf6
15. f3 Bf5 16. Rd2 h5 17. Bc5 Bxc5 18. Nxc5 O-O-O 19. Ne2 Nc6 20. Nd4 Nxd4 21.
Rxd4 Rhe8 22. Rb4 Re7 23. Rxb7 Rxb7 24. Bxa6 Rdd7 25. Re1 Be6 26. Re3 Kb8 27.
Bxb7 Rxb7 28. Nxb7 Kxb7 29. Rb3+ Ka7 30. Rc3 Kb7 31. a5 Nd7 32. b4 Ne5 33. Rc5
Nd7 34. Rc3 Ne5 35. Rc5 Nd7 1/2-1/2

[Event "Corfu schev"]
[Site "Corfu"]
[Date "1990.??.??"]
[Round "3"]
[White "Skembris, Spyridon"]
[Black "Polgar, Judit"]
[Result "0-1"]
[WhiteElo "2455"]
[BlackElo "2550"]
[Annotator "Polgar,J"]
[PlyCount "196"]
[EventDate "1990.??.??"]
[EventType "schev"]
[EventRounds "6"]
[EventCountry "GRE"]
[Source "ChessBase"]
[SourceDate "1998.11.10"]

1. d4 Nf6 2. Nf3 g6 3. c4 Bg7 4. Nc3 O-O 5. e4 d6 6. Be2 e5 7. d5 a5 8. Be3 (8.
Bg5) 8... Ng4 9. Bg5 f6 10. Bh4 Nh6 (10... Na6 11. Nd2 Nh6 12. f3 g5 13. Bf2)
11. Nd2 g5 (11... Nf7 12. a3 c5 13. Bg4) 12. Bg3 Na6 (12... g4 13. Nf1) (12...
f5 13. exf5 Bxf5 14. h3 Nd7 15. Nde4 Nc5) 13. f3 (13. h3 f5 (13... Nc5 14. Bg4
Nd3+ 15. Ke2 Nf4+) 14. exf5 Nc5 15. Nde4 Nxe4 16. Nxe4 Bxf5 17. Bd3) 13... f5
14. Bf2 (14. exf5 Nxf5 15. Bf2 Nd4) 14... g4 15. fxg4 Nxg4 16. Bxg4 fxg4 17.
O-O Qg5 18. Qe2 (18. Nb3 b6 19. Qe2 Bh6 20. Rae1 g3) 18... Bh6 19. Nb3 (19.
Rad1 Bd7) 19... g3 20. Bxg3 (20. hxg3 Bg4 21. Qc2 (21. Qe1 Nb4) 21... a4 22.
Nc1 Nb4 23. Qb1 Qd2) 20... Bg4 21. Rf3 (21. Qc2 a4) 21... Bxf3 22. gxf3 Nb4 23.
a4 (23. a3 a4) 23... Qe3+ (23... Rf7) 24. Qxe3 Bxe3+ 25. Kg2 Nd3 26. Rb1 Bb6 (
26... Bg5 27. c5) (26... b6 27. Kf1) 27. Nc1 Nb4 28. Nb3 Nd3 29. Nc1 Nxc1 30.
Rxc1 Rf6 31. Ne2 Raf8 32. Rc3 (32. Rf1) 32... Rg6 33. Rb3 (33. Kf1) 33... Rf7
34. Kh3 (34. Kf1) 34... Rgf6 35. Kg2 Bc5 36. Bh4 (36. Be1) 36... Rg6+ 37. Bg3
Bb4 (37... c6) 38. Kf1 c6 39. dxc6 bxc6 40. Bf2 d5 41. cxd5 cxd5 42. exd5 Rd6
43. Ng3 (43. Rd3 e4 44. fxe4 Rdf6 45. Rg3+ Kf8 46. Rg2 Bc5) 43... Rxd5 44. Ne4
Kg7 45. Re3 Kg6 (45... Rc7 46. Bg3 (46. Re2 Rd3) 46... Rc1+) 46. Kg2 Kf5 (46...
Rc7) 47. Ng3+ Ke6 48. Ne4 Rc7 49. Re2 Kf5 50. Ng3+ Kg6 51. Ne4 Rc1 52. Bg3 Ra1
(52... Kf5) 53. Rc2 Be7 (53... Rxa4 54. Rc6+ Kf7 55. Rc7+ Kf8 56. Nf6) 54. Rc7
Bd8 55. Rc6+ Kf7 56. Nc3 (56. Kh3) 56... Rd2+ 57. Kh3 Rxb2 58. Bxe5 Rb6 59. Rc8
Rg1 60. Bg3 Rh6+ 61. Kg4 Ke8 62. Ne2 (62. Ne4) 62... Rb1 63. Nc3 Rb4+ 64. Ne4
Rxa4 65. Ra8 Kd7 66. Bf4 Rg6+ 67. Kf5 Bb6 68. Rh8 Rg7 69. Be5 Re7 (69... Rf7+
70. Nf6+ Kc6 71. Ke6) 70. f4 (70. Bf6 Rf7 71. Ng5 Rxf6+) 70... Rc4 71. Ng5 (71.
Nf6+ Kc6) (71. Ra8 Rf7+ 72. Nf6+ Kc6 73. Ke6 Ra7) 71... a4 72. Nxh7 a3 73. Nf6+
Kc6 74. Ne4 Ra4 75. Rh6+ Kb7 76. Nc3 (76. Nd6+ Ka6 77. Nc8 Rb7 (77... Rxe5+ 78.
fxe5 a2 79. Nxb6) 78. Nxb6 Rxb6 79. Rxb6+ Kxb6 80. Ba1) 76... Ra5 77. Na2 Rd7 (
77... Bd4 78. Kf6) 78. Ke6 Rd2 79. Nb4 Bc7 80. Rh7 Rc5 81. h4 (81. Rh3 Rb5) (
81. Bxc7 Rxc7 82. Rh3 Rc4) 81... Rb2 82. Nd5 Rc6+ 83. Kf5 Rb5 84. Ke4 (84.
Rxc7+ Rxc7 85. Nxc7 Rxe5+) (84. Nxc7 Rxe5+ 85. fxe5 Rxc7) 84... Rc4+ 85. Kd3
Rxd5+ 86. Kxc4 Rxe5 87. Kb3 Re3+ 88. Ka2 Kc6 89. Rg7 Bxf4 90. Ra7 Bd6 91. Ra6+
Kd5 92. Ra4 Re2+ 93. Kb3 Rh2 94. Ra5+ Kd4 95. Ra4+ Kd3 96. Ra6 Rb2+ 97. Ka4 a2
98. Rxd6+ Kc2 0-1

[Event "Corfu schev"]
[Site "Corfu"]
[Date "1990.??.??"]
[Round "5"]
[White "Grivas, Efstratios"]
[Black "Polgar, Judit"]
[Result "1/2-1/2"]
[WhiteElo "2445"]
[BlackElo "2550"]
[PlyCount "112"]
[EventDate "1990.??.??"]
[EventType "schev"]
[EventRounds "6"]
[EventCountry "GRE"]
[Source "ChessBase"]
[SourceDate "1998.11.10"]

1. d4 Nf6 2. c4 g6 3. Nc3 Bg7 4. e4 d6 5. h3 O-O 6. Be3 e5 7. d5 Na6 8. g4 Nc5
9. Qc2 h5 10. g5 Nh7 11. Nf3 f6 12. Rg1 a5 13. O-O-O fxg5 14. Nxg5 Nxg5 15.
Bxg5 Bf6 16. Be3 Kh7 17. Be2 Bh4 18. Rg2 Bd7 19. Rdg1 Be8 20. Qd2 Qf6 21. f4
exf4 22. Bd4 Qe7 23. Bxh5 g5 24. Qe2 Kh6 25. Bf3 Nd7 26. Bf2 Ne5 27. Bxh4 gxh4
28. Nd1 Bf7 29. Nf2 Rg8 30. Ng4+ Nxg4 31. Bxg4 Rae8 32. Re1 Qf6 33. Qd2 Bh5 34.
Rf2 Bxg4 35. Rxf4 Qg5 36. Rg1 Ref8 37. Rgxg4 Rxf4 38. Rxf4 Kh7 39. Kc2 Qg3 40.
Rf6 Rg6 41. Rf7+ Kg8 42. Rf2 Qxh3 43. Qf4 Qg4 44. Qf7+ Kh8 45. Kb3 Rg7 46. Qe8+
Kh7 47. Ka4 Qg6 48. Qf8 Qxe4 49. Rf4 Qc2+ 50. Ka3 Qd3+ 51. b3 Qg3 52. Qf5+ Kh6
53. Qf6+ Kh5 54. Rxh4+ Qxh4 55. Qxg7 Qe1 56. Qxc7 Qb4+ 1/2-1/2

[Event "Corfu schev"]
[Site "Corfu"]
[Date "1990.??.??"]
[Round "6"]
[White "Polgar, Judit"]
[Black "Skembris, Spyridon"]
[Result "1-0"]
[WhiteElo "2550"]
[BlackElo "2455"]
[Annotator "Polgar,J"]
[PlyCount "71"]
[EventDate "1990.??.??"]
[EventType "schev"]
[EventRounds "6"]
[EventCountry "GRE"]
[Source "ChessBase"]
[SourceDate "1998.11.10"]

1. e4 c6 2. d4 d5 3. exd5 cxd5 4. c4 Nf6 5. Nc3 g6 6. Qb3 Bg7 7. cxd5 O-O 8.
Be2 Nbd7 9. Bf3 Nb6 10. Nge2 Bg4 (10... Bf5 11. Nf4 Rc8 12. h3 g5 13. Nfe2 h6
14. g4 Bd3 15. h4 $16 {Polgar,J-Bass/New York op/1988/1-0/ /}) 11. Bxg4 Nxg4
12. a4 $1 a5 (12... Nf6 13. Nf4 g5 14. Nfe2 h6 15. h4 $16) 13. O-O (13. Bf4 Nf6
14. d6 exd6 15. Nb5 Nfd5 16. Bxd6 Re8 $13 {Polgar,Zsofia-Belotti Biel 1987})
13... Qd6 14. Bf4 Qb4 15. Qd1 $1 Rfd8 (15... Nf6 16. d6 exd6 17. Nb5 Ne8 (17...
Rfd8 18. b3 Ne4 19. f3 g5 20. fxe4 gxf4 21. Nxf4 d5 22. e5 Nc8 23. Nc7 {
Carlier-Sibbing corr.1985/86 see NIC Yearbook 5.}) 18. b3 d5 19. Bc1 Qe7 20.
Ba3 $18 {Ricardi-Glavina Argentina (Ch)1987}) 16. Bc7 $1 (16. d6 e5 $1) 16...
Rd7 17. d6 exd6 18. Bxb6 Qxb6 19. Nd5 Qa7 (19... Qc6 20. Nef4 Nf6 21. Rc1 Qxd5
22. Nxd5 Nxd5 23. Qg4 $16) (19... Qa6 20. Nec3 $16) 20. Nec3 $1 Qxd4 21. h3 $1
(21. Qxd4 Bxd4 22. Nb5 Nf6 $1 $15) 21... Nh6 (21... Qxd1 22. Raxd1 Nf6 23. Nb6
$18) 22. Qxd4 Bxd4 23. Nb5 Bxb2 24. Ra2 $1 Bg7 25. Nb6 Rad8 26. Nxd7 Rxd7 27.
Rd1 Bf8 (27... Nf5 28. g4 Nh4 29. Rxd6 $18) 28. Rad2 Nf5 29. g4 Nh4 30. Rd5 b6
31. Kh2 h6 32. Kg3 g5 33. Nxd6 Re7 34. Nf5 Re4 35. Rd8 (35. R1d4 $18) 35...
Rxa4 $4 (35... Nxf5+ 36. gxf5 f6 (36... Rf4 37. R1d6 Kg7 (37... Rxf5 38. Rxb6
Kg7 39. Rb5 Bc5 40. f3 Kg6 41. Rg8+ Kf6 42. Rc8 $18) 38. f6+ $18) 37. R1d7 Rxa4
38. Rb7 Rb4 39. Rbb8 $18) 36. Rxf8+ $1 1-0

[Event "Debrecen op"]
[Site "Debrecen"]
[Date "1990.??.??"]
[Round "?"]
[White "Haba, Petr"]
[Black "Polgar, Judit"]
[Result "1-0"]
[WhiteElo "2435"]
[BlackElo "2550"]
[PlyCount "89"]
[EventDate "1990.??.??"]
[EventType "swiss"]
[EventRounds "9"]
[EventCountry "HUN"]
[Source "ChessBase"]
[SourceDate "2009.11.30"]

1. e4 c5 2. Nf3 Nc6 3. d4 cxd4 4. Nxd4 e6 5. Nb5 d6 6. c4 Nf6 7. N1c3 a6 8. Na3
b6 9. Be2 Bb7 10. O-O Nb8 11. f3 Nbd7 12. Be3 Be7 13. Qb3 Rb8 14. Rfd1 O-O 15.
Kh1 Qc7 16. Rac1 Kh8 17. Rd2 Rg8 18. Rcd1 g5 19. Nab5 axb5 20. Nxb5 Qd8 21.
Nxd6 Qf8 22. Qb5 e5 23. b4 Rg6 24. Nxb7 Rxb7 25. c5 Nb8 26. c6 Rc7 27. Bxb6
Rxc6 28. Rd8 Bxd8 29. Rxd8 Rc1+ 30. Bf1 Qxd8 31. Bxd8 Nfd7 32. h3 h5 33. Kh2 g4
34. fxg4 hxg4 35. hxg4 Nc6 36. g5 Rd6 37. Bc7 Rd4 38. Be2 Kg7 39. a3 Rd2 40.
Bf3 Kg6 41. Qa6 Kxg5 42. Qc8 Rc3 43. Qg8+ Kf6 44. b5 Ne7 45. Qh8+ 1-0

[Event "HUN-chT 9091"]
[Site "Hungary"]
[Date "1990.??.??"]
[Round "?"]
[White "Polgar, Judit"]
[Black "Sax, Gyula"]
[Result "1-0"]
[WhiteElo "2550"]
[BlackElo "2605"]
[PlyCount "115"]
[EventDate "1990.??.??"]
[EventType "team"]
[EventRounds "13"]
[EventCountry "HUN"]
[Source "ChessBase"]
[SourceDate "2009.11.30"]

1. e4 c5 2. Nf3 d6 3. d4 cxd4 4. Qxd4 Nc6 5. Bb5 Bd7 6. Bxc6 Bxc6 7. Nc3 Nf6 8.
Bg5 e6 9. O-O-O Be7 10. Rhe1 O-O 11. Qd2 Qc7 12. Nd4 Rfc8 13. Kb1 Rab8 14. f3
b5 15. Nxc6 Qxc6 16. Bxf6 Bxf6 17. Qxd6 Bxc3 18. Qxc6 Rxc6 19. bxc3 Rxc3 20.
Rd7 Rbc8 21. Red1 g5 22. Rxa7 Rxc2 23. Rd8+ Rxd8 24. Kxc2 g4 25. Rc7 gxf3 26.
gxf3 Rd4 27. Rc5 b4 $2 (27... Ra4 28. Kb3 Ra5 29. Rc2 Ra4 $11) 28. Kb3 Kg7 29.
Rc4 Rd2 30. Rxb4 Rxh2 31. a4 Rf2 $2 (31... Rh5 $5) 32. a5 Rxf3+ 33. Ka4 Rd3 34.
a6 Rd8 35. Ka5 Kf6 36. Rb5 Kg6 37. a7 Ra8 38. Ka6 h5 39. Kb7 Re8 40. Ka6 Ra8
41. Rb8 Rxa7+ 42. Kxa7 Kg5 43. Rf8 f5 44. exf5 exf5 45. Kb6 Kf4 46. Kc5 Ke4 47.
Kc4 h4 48. Re8+ Kf3 49. Kd3 h3 50. Rh8 Kg2 51. Ke2 h2 52. Rg8+ Kh3 53. Kf2
h1=N+ 54. Kf3 Kh2 55. Rg2+ Kh3 56. Rg5 Kh2 57. Rxf5 Ng3 58. Rf8 1-0

[Event "Hungary"]
[Site "Hungary "]
[Date "1990.??.??"]
[Round "?"]
[White "Polgar, Judit"]
[Black "Sinkovics, Peter"]
[Result "1-0"]
[WhiteElo "2550"]
[BlackElo "2360"]
[PlyCount "47"]
[EventDate "1990.??.??"]
[EventType "game"]
[EventCountry "HUN"]
[Source "ChessBase"]
[SourceDate "2009.11.30"]

1. e4 e6 2. d4 d5 3. Nc3 Bb4 4. e5 Ne7 5. a3 Bxc3+ 6. bxc3 c5 7. Qg4 O-O 8. Bd3
Nd7 9. Nf3 f5 10. Qh3 Nb6 11. Rg1 Qc7 12. Bd2 Nc4 13. g4 Nxd2 14. Kxd2 Kh8 15.
gxf5 Nxf5 16. Rg5 cxd4 17. Rag1 dxc3+ 18. Kd1 Qe7 19. Rh5 Nh6 20. Rxg7 Kxg7 21.
Rxh6 Rh8 22. Rf6 Kg8 23. Rf4 h5 24. Rf6 1-0